00601naa a2200205 a 450000100080000000500110000800800410001910000170006024501020007726000090017965300140018865300170020265300260021965300240024570000150026970000170028470000170030170000190031877300580033710557992007-10-15 2000 bl uuuu u00u1 u #d1 aWENDLING, I. aEfeito do regulador de crescimento AIB na propagacao de clones de Eucalyptus spp por ministaquia. c2000 aEucalipto aMiniestaquia aPropagacao vegetativa aSilvicultura clonal1 aXAVIER, A.1 aGOMES, J. M.1 aPIRES, I. E.1 aANDRADE, H. B. tRevista Arvore, Vicocagv. 24, n. 2, p. 187-192, 2000